The Oldest NBA Players to Win Every Award - Statistics

General Stats
  • This quiz has been taken 38 times
  • The average score is 11 of 18
Answer Stats
Award Age Answer % Correct
All NBA Team 39 LeBron James
100%
In Season Tournament MVP 38 LeBron James
100%
Scoring Champion 35 Michael Jordan
88%
Steals Champion 29 Michael Jordan
88%
All Star Appearance 41 Kareem Abdul-Jabbar
85%
Finals Most Valuable Player 38 Kareem Abdul-Jabbar
85%
Block Champion 32 Kareem Abdul-Jabbar
85%
Most Valuable Player 35 Karl Malone
65%
Assist Champion 36 Chris Paul
62%
Defensive Player of the Year 34 Dikembe Mutombo
56%
All Defensive Team 38 Tim Duncan
53%
All Star MVP 36 Shaq O'Neal
41%
6th Man of the Year 35 Jamal Crawford
38%
Ring 43 Robert Parish
38%
Rebound Champion 36 Dennis Rodman
35%
Rookie of the Year 24 Malcolm Brogdon
21%
Dunk Contest Winner 30 Dominque Wilkins
15%
Most Improved Player 30 Darrell Armstrong
3%
No matching quizzes found
Score Distribution
Percent of People with Each Score
Percentile by Number Answered
Your Score History
You have not taken this quiz